Statistics for U.S. Cities by Picture #1

Click here to take the quiz!

General Stats

  • This quiz has been taken 27,130 times
  • The average score is 9 of 14

Answer Stats

Answer% Correct
New York City
100%
Las Vegas
96%
San Francisco
93%
Miami
88%
Chicago
83%
Seattle
80%
New Orleans
63%
Boston
62%
Houston
62%
Honolulu
52%
Los Angeles
42%
Pittsburgh
31%
San Diego
25%
Austin
16%

Score Distribution

Percentile by Number Answered

Percent of People with Each Score

Your Score History

You have not taken this quiz